| 000 | 01105cam a2200289 a 4500 | ||
|---|---|---|---|
| 001 | 1182648 | ||
| 003 | OSt | ||
| 005 | 20230627092916.0 | ||
| 008 | 971002s1998 enk b 001 0 eng | ||
| 010 | _a 97040985 | ||
| 020 | _a9780521479776 | ||
| 040 |
_cNIRUC _dNIRUC |
||
| 050 | 0 | 0 |
_aD860 _b. S73 1998 |
| 082 | 0 | 0 |
_a909.82 _221 |
| 245 | 0 | 0 |
_aStatecraft and security : _bthe Cold War and beyond / _cedited by Ken Booth. |
| 260 |
_aCambridge, UK ; _aNew York : _bCambridge University Press, _c1998. |
||
| 300 |
_axiii, 358 p. ; _c24 cm. |
||
| 504 | _aIncludes bibliographical references and index. | ||
| 650 | 0 |
_aWorld politics _y1989- |
|
| 650 | 0 |
_aCold War _xInfluence. |
|
| 700 | 1 |
_aBooth, Ken, _d1943- _eeditor. |
|
| 856 | 4 | 2 |
_3Publisher description _uhttp://www.loc.gov/catdir/description/cam028/97040985.html |
| 856 | 4 | 1 |
_3Table of contents _uhttp://www.loc.gov/catdir/toc/cam021/97040985.html |
| 906 |
_a7 _bcbc _corignew _d1 _eocip _f19 _gy-gencatlg |
||
| 942 |
_2lcc _cBK _n0 |
||
| 999 |
_c272 _d272 |
||